000 00899nam a22002297a 4500
999 _c2871
_d2871
003 AR-CdUCM
008 190305b ||||| |||| 00| 0 spa d
040 _aMUNICIPALIDAD PROVINCIAL DEL CUSCO
_cBIBLIOTECA MUNICIPAL DEL CUSCO
082 _a985.009 /
_bN94
100 _aNuñez, Estuardo
_92660
245 _aPablo de Olavide /
260 _aLima :
_bVisión Peruana,
_bMonterrico,
_c1987.
300 _a61 páginas ;
_bilustraciones,
_c21 cm.
440 _aLos que hicieron el Perú, Biblioteca visión peruana.
_n17
_99926
500 _aEsta publicación es un aporte de la revista Visión Peruana" - Cubierta posterior.
505 _aContenido: Pablo de Olavide y Jauregui -- La personalidad múltiple -- La vida intensa -- El proceso -- El ostracismo fecundo ...
650 _aBiografía
_922
650 _aHistoria
_9136
650 _aPolítico
_97421
942 _2ddc
_cLIBROS
945 _aachl